Célébrités en ombres chinoises - Statistiques

Statistiques générales
  • Ce quiz a été pris 375 fois
  • Le résultat moyen est 7 sur 16
Statistiques - réponses
Par images Réponse % Correct
Donald Trump
97%
François Hollande
93%
Albert Einstein
74%
Kylian Mbappé
72%
Johnny Hallyday
67%
Céline Dion
62%
Nicolas Sarkozy
41%
Emmanuel Macron
38%
Michael Jackson
34%
Zinedine Zidane
25%
Steve Jobs
13%
Rafael Nadal
12%
George Lucas
11%
Elon Musk
9%
Katy Perry
9%
Miley Cyrus
4%
Aucun quiz correspondant
Distribution des résultats
% des personnes avec chaque résultat
Percentile par nombre de réponses
Votre historique - résultats
Vous n’avez pas pris ce quiz